|
|
|
|
| LEADER |
00000nam a2200000 a 4500 |
| 001 |
UCU6971 |
| 003 |
CL-VaPUC |
| 008 |
960628e19790000SP |||||||||||||||||spa|d |
| 082 |
0 |
4 |
|a 658.15
|b VAN
|2 21
|
| 100 |
0 |
|
|a Van Horne, James C
|e author
|9 365399
|
| 245 |
1 |
0 |
|a Fundamentos de administración financiera
|
| 300 |
|
|
|a 615 p
|
| 942 |
|
|
|c BK
|
| 945 |
|
|
|d 19960628 00:00:00
|a cmena
|
| 260 |
|
|
|a Madrid
|b Dossat
|c 1979
|
| 650 |
|
7 |
|a FINANCIAMIENTO
|2 CL-VaPUC
|9 358995
|
| 650 |
|
0 |
|a Asignación de recursos
|9 318813
|
| 650 |
|
0 |
|a Administración financiera
|9 261146
|
| 650 |
|
7 |
|a GASTOS
|2 CL-VaPUC
|9 357995
|
| 650 |
|
0 |
|a Programación lineal
|9 23
|
| 650 |
|
7 |
|a PREVISIONES
|2 CL-VaPUC
|9 365392
|
| 583 |
|
|
|a last modification
|c 20160426 12:38:16
|k Rodrigo Vera
|
| 999 |
|
|
|c 249698
|d 249696
|
| 952 |
|
|
|0 0
|1 0
|4 0
|6 658_150000000000000_VAN_1979
|7 0
|8 A
|9 267155
|a BIBING
|b BIBING
|d 2019-11-19
|i 1696203
|o 658.15 VAN 1979
|p 1696203
|r 2023-03-02
|w 2019-11-19
|y BK
|k EII
|